Farm electrification manual /

Bibliographic Details
Corporate Author: Edison Electric Institute, New York. Commercial Division
Format: Book
Language:English
Published: New York, [publisher not identified] ; [1953]
Subjects:

MARC

Tag First Indicator Second Indicator Subfields
LEADER 00000cam a2200000 4500
001 in00000051820
005 20151007074028.0
008 800611s1953 nyua 00010 eng d
035 |a (OCoLC)06406902 
035 |9 AAF0814AM 
040 |a TXA  |c TXA  |d UtOrBLW 
049 |a TXAM  |c [272222] 
090 |a TK4018  |b .E35 1953 
092 |a 621.393  |b E23f 
110 2 |a Edison Electric Institute, New York.  |b Commercial Division. 
245 1 0 |a Farm electrification manual /  |c prepared by Farm Section, Commercial Division, Edison Electric Institute. 
264 1 |a New York,  |b [publisher not identified] ;  |c [1953] 
264 4 |c [©1953] 
300 |a 14 parts :  |b illustrations ;  |c 28 cm. 
336 |a text  |b txt  |2 rdacontent 
337 |a unmediated  |b n  |2 rdamedia 
338 |a volume  |b nc  |2 rdacarrier 
650 0 |a Electricity in agriculture. 
999 |a MARS 
999 f f |s 7287db9a-a04b-3e8e-be6e-c8f1c462e0aa  |i f30ce606-8b64-3011-833a-dbd42c19cb46  |t 0 
952 f f |p ric  |a Texas A&M University  |b Rellis Campus  |c Joint Library Facility  |d Remote Storage  |t 0  |e TK4018 .E35 1953  |h Library of Congress classification  |i unmediated -- volume  |m A14801040092 
998 f f |a TK4018 .E35 1953  |t 0  |l Remote Storage